000 00689nam a2200253Ia 4500
003 OSt
005 20220918163807.0
006 a|||||r|||| 00| 0
007 ta
008 220917b |||||||| |||| 00| 0 eng d
020 _a0300030835 (hbk)
024 _a234,128
037 _cTextual
040 _aARTS
_cARTS
_beng
041 _2eng
_aeng
082 _aW:511, M4
100 _aHolmes Stephen
_915424
245 0 _aBenjamin constant and the making of modern liberalism
260 _aNew Haven
_bYale University Press
_c1984
300 _a337p.
_ccm.
650 _aPOLITICAL SCIENCE
942 _hW:511, M4
_cTEXL
_2CC
999 _c121583
_d121583